000 00497nam a2200157 4500
001 112822
003 ES-MaACL
005 20230906185637.0
007 t|
008 061121s1935 sp r ||||1| spa d
100 1 _aMuro Leal, Carmelo.
_984612
245 1 0 _aObra completa de gramática castellana...y prácticas de análisis gramatical /
_cpor Carmelo Muro Leal.
260 _aMadrid :
_b[s.n.],
_c1935 (
_fGráf. Nacional)
300 _a299 p. ;
_c11 cm.
852 _aES-MaACL
_jA-4831
_bR.16766
999 _c112822
_d112822